Szigeti veszedelem

Bibliographic Details
Main Author: Zrínyi, Miklós, 1620-1664 (Author)
Format: Book
Language:Hungarian
PhysicalDescription:263 s. 20 cm
Published: [Budapest] Talentum Akkord [1997]
ISBN:9636450358
ISSN:1217-6931
Series:Talentum Diákkönyvtár
Subjects:

MARC

LEADER 00000nam a2200000 a 4500
001 vtls001425112
003 SK-MaSNL
005 20260301202557.0
008 240226s1997 hu e 000 p hun
015 |a SNBZSA2002-00080 
020 |a 9636450358  |q (brož.) 
035 |a SNK000380003 
035 |a urn:nbn:sk:snk-amjd4h 
035 |a urn:nbn:sk:snk-am002q6s 
035 |a 26D2E13C-ABBB-4275-BED8-651FD9A7FE0E 
040 |a SNK  |b slo  |a SNK  |e AACR2  |c SNK 
041 0 |a hun 
044 |a hu  |c HU 
080 |a 894.511-1=945.11  |2 1981 
100 1 |a Zrínyi, Miklós,  |d 1620-1664  |4 aut  |9 316214 
245 1 0 |a Szigeti veszedelem  |c Zrínyi Miklós 
260 |a [Budapest]  |b Talentum  |b Akkord  |c [1997] 
300 |a 263 s.  |c 20 cm 
490 1 |a Talentum Diákkönyvtár  |x 1217-6931 
655 7 |a eposy historické maďarské  |2 SNKPH  |9 584818 
830 0 |a Talentum Diákkönyvtár  |9 430901 
919 |a 963-645-035-8 
954 |a beletria cudzojazyčná (svetová)  |2 lita 
958 |a ZS 
958 |a TL 
958 |a LX 
958 |a HU 
999 |c 899329  |d 901259 
952 |a SNK  |b SNK  |y VYP  |7 0  |p 17A0482151  |o snkSD 72030 D1  |i snk2005/14741  |8 2  |g 2.59  |0 0  |1 0  |4 0  |d 2005-05-17  |f 1  |l 0  |r 2026-02-24 07:08:51  |w 2026-02-24 
952 |t P60, <03>, [BOOK], {603}  |a SNK  |b SNK  |y PREZ  |7 0  |p 17A0334213  |o snkSD 72030  |i snkV 254/2002  |0 0  |1 0  |4 0  |d 2002-03-01  |l 0  |r 2005-01-02 00:00:00  |w 2026-02-24